000 00357nam a22001337a 4500
003 OSt
005 20231124162739.0
008 231124b |||||||| |||| 00| 0 eng d
040 _cCO-JMCR
082 _aC /
_bFERl
100 _aMacias Fernando Luis /
_eautor
_942935
245 _aAsí lo escuche, así lo cuento /
_cLuis Fernando macias
942 _2ddc
_cBK
999 _c30331
_d16715